| Tag |
First Indicator |
Second Indicator |
Subfields |
| LEADER |
00000cam a2200000Ia 4500 |
| 001 |
in00000060558 |
| 005 |
20151007082701.0 |
| 008 |
770421s1960 ii 000 0 eng |
| 010 |
|
|
|a 61065319
|
| 029 |
1 |
|
|a NLGGC
|b 150375166
|
| 029 |
1 |
|
|a NZ1
|b 6443525
|
| 035 |
|
|
|a (OCoLC)ocm02906526
|
| 035 |
|
|
|a (OCoLC)02906526
|
| 035 |
|
|
|9 AAF8260AM
|
| 035 |
|
|
|a (OCoLC)2906526
|
| 040 |
|
|
|a DLC
|c CIN
|d SLU
|d TXA
|d UtOrBLW
|
| 043 |
|
|
|a a-ii---
|
| 049 |
|
|
|a TXAM
|
| 050 |
0 |
0 |
|a DS448
|b .P29
|
| 090 |
|
|
|a DS448
|b .P29 1960
|
| 100 |
1 |
|
|a Patel, Satyavrata Ramdas.
|
| 245 |
1 |
0 |
|a Foreign policy of India :
|b an inquiry and criticism /
|c by Satyavrata Ramdas Patel.
|
| 250 |
|
|
|a 1st ed.
|
| 264 |
|
1 |
|a Bombay :
|b N.M. Tripathi,
|c 1960.
|
| 300 |
|
|
|a xvii, 282 pages ;
|c 23 cm.
|
| 336 |
|
|
|a text
|b txt
|2 rdacontent
|
| 337 |
|
|
|a unmediated
|b n
|2 rdamedia
|
| 338 |
|
|
|a volume
|b nc
|2 rdacarrier
|
| 651 |
|
0 |
|a India
|x Foreign relations.
|
| 994 |
|
|
|a C0
|b TXA
|
| 999 |
|
|
|a MARS
|
| 999 |
f |
f |
|s 1d788868-8c51-3de2-bd83-5865003cac4c
|i 2f94b47a-0299-3334-a8a9-9697b04ae714
|t 0
|
| 952 |
f |
f |
|p ric
|a Texas A&M University
|b Rellis Campus
|c Joint Library Facility
|d Remote Storage
|t 0
|e DS448 .P29 1960
|h Library of Congress classification
|i unmediated -- volume
|m A14836272941
|
| 998 |
f |
f |
|a DS448 .P29 1960
|t 0
|l Remote Storage
|